Language (Record no. 1351)
[ view plain ]
| 000 -LEADER | |
|---|---|
| campo de control de longitud fija | 00876nas a2200265 i 4500 |
| 001 - NÚMERO DE CONTROL | |
| campo de control | 1351 |
| 003 - IDENTIFICADOR DE NÚMERO DE CONTROL | |
| campo de control | ES-MaACL |
| 005 - FECHA Y HORA DE LA ÚLTIMA TRANSACCIÓN | |
| campo de control | 20250217134148.0 |
| 007 - CAMPO FIJO DE DESCRIPCIÓN FÍSICA--INFORMACIÓN GENERAL | |
| campo de control de longitud fija | t| |
| 008 - DATOS DE LONGITUD FIJA--INFORMACIÓN GENERAL | |
| campo de control de longitud fija | 950801c1925 xxu | | 1 ||ng d |
| 022 ## - NÚMERO INTERNACIONAL NORMALIZADO PARA PUBLICACIONES SERIADAS | |
| Número Internacional Normalizado para Publicaciones Seriadas | 0097-8507 |
| 080 ## - NÚMERO DE LA CLASIFICACIÓN DECIMAL UNIVERSAL | |
| Número de la Clasificación Decimal Universal | (73) |
| 080 ## - NÚMERO DE LA CLASIFICACIÓN DECIMAL UNIVERSAL | |
| Número de la Clasificación Decimal Universal | 80 |
| 245 00 - MENCIÓN DEL TÍTULO | |
| Título | Language |
| Resto del título | : journal of the Linguistic Society of America. |
| 260 ## - PUBLICACIÓN, DISTRIBUCIÓN, ETC. | |
| Lugar de publicación, distribución, etc. | Baltimore : |
| Nombre del editor, distribuidor, etc. | Linguistic Society of America, |
| Fecha de publicación, distribución, etc. | 1925- |
| 300 ## - DESCRIPCIÓN FÍSICA | |
| Extensión | 31 v. ; |
| Dimensiones | 26 cm. |
| 310 ## - PERIODICIDAD ACTUAL | |
| Periodicidad actual | Trimestral |
| 362 0# - FECHAS DE PUBLICACIÓN Y/O DESIGNACIÓN SECUENCIAL | |
| Fecha de publicación y/o designación secuencial | V. I (1925)- |
| 525 ## - NOTA DE SUPLEMENTO | |
| Nota de suplemento | Publica los supl. : Bulletin ; Language dissertation y Language monograph, con numeración propia. |
| 650 14 - PUNTO DE ACCESO ADICIONAL DE MATERIA--TÉRMINO DE MATERIA | |
| Término de materia o nombre geográfico como elemento de entrada | Lingüística. Filología. |
| 9 (RLIN) | 14477 |
| 710 2# - ENTRADA AGREGADA--NOMBRE DE ENTIDAD CORPORATIVA | |
| Nombre de entidad corporativa o nombre de jurisdicción como elemento de entrada | Linguistic Society of America. |
| 9 (RLIN) | 5542 |
| 852 ## - LOCALIZACIÓN | |
| Ubicación | ES-MaACL |
| Número de control de estantería | HEM-H-329 |
| Encuadernación | Hem-1487 |
| Signatura antigua | |
| 866 #0 - MENCIÓN TEXTUAL DE FONDOS--UNIDAD BIBLIOGRÁFICA BÁSICA | |
| Fondos | 1975(1976f.supl.n.96)(1982f.supl.n.98)1983-84(1985f.supl.n.109)1986-2005. |
| Estatus retirado | Estado de pérdida | Estado de daño | No para préstamo | Colección | Biblioteca de origen | Biblioteca actual | Ubicación en estantería | Fecha de adquisición | Fuente de adquisición | Total de préstamos | Signatura topográfica completa | Código de barras | Visto por última vez | Precio de reemplazo | Tipo de ítem Koha |
|---|---|---|---|---|---|---|---|---|---|---|---|---|---|---|---|
| Periódicos y Revistas | Biblioteca del Ateneo de Madrid | Biblioteca del Ateneo de Madrid | Hemeroteca | 17/01/2008 | HEM-H-329 | 1001379 | 23/02/2023 | 23/02/2023 | Revista |
